Truyện cổ Nhật bản

Bewaard in:
Bibliografische gegevens
Hoofdauteur: Truyện cổ Nhật bản
Formaat: Boek
Taal:Undetermined
Gepubliceerd in: Văn nghệ Tp HCM 2002
Tags: Voeg label toe
Geen labels, Wees de eerste die dit record labelt!
Thư viện lưu trữ: Trung tâm Học liệu Trường Đại học Cần Thơ
LEADER 00451nam a2200145Ia 4500
001 CTU_48737
008 210402s9999 xx 000 0 und d
082 |a 398.20952 
082 |b Tr527 
100 |a Truyện cổ Nhật bản 
245 0 |a Truyện cổ Nhật bản 
245 0 |c Truyện cổ Nhật bản, Văn Hòa 
260 |b Văn nghệ Tp HCM 
260 |c 2002 
980 |a Trung tâm Học liệu Trường Đại học Cần Thơ